Historia concisa de Brasil /

Shranjeno v:
Bibliografske podrobnosti
Glavni avtor: Fausto, Boris (autor)
Format: Knjiga
Jezik:španščina
Izdano: México : Fondo de Cultura Económica, 2003, c2003
Serija:(Sección de Obras de Historia)
Teme:
Oznake: Označite
Brez oznak, prvi označite!

MARC

LEADER 00000nam^a2200000^a^4500
001 000161943
005 20250521000000.0
009 20260310100815.874
020 |a 950-557-555-6 
037 |a Acervo ITESO - Biblioteca 
041 |a ESP 
082 |a 981.  |b FAU 
100 |a Fausto, Boris  |e (autor) 
245 1 0 |a Historia concisa de Brasil /  |c B. Fausto ; tr. por Juan Ferguson. 
264 4 |a México :  |b Fondo de Cultura Económica,  |c 2003, c2003 
300 |a 293 p. 
336 |a texto  |b txt  |2 rdacontenido 
337 |a sin mediación  |b n  |2 rdamedio 
338 |a volumen  |b nc  |2 rdasoporte 
440 1 |a (Sección de Obras de Historia) 
500 |a Traducción de: História concisa do Brasil 
649 |a XX 
650 |a Brasil -  |x Historia -  |y Descubrimiento y Conquista, 1492-1548 
650 |a Brasil -  |x Historia -  |y Epoca Colonial, 1549-1822 
650 |a Brasil -  |x Historia -  |y 1549-1762 
650 |a Brasil -  |x Historia -  |y 1762-1822 
650 |a Brasil -  |x Historia -  |y Guerra de Independencia, 1822 
650 |a Brasil -  |x Historia -  |y 1822-1899 
650 |a Brasil -  |x Historia -  |y 1899-1930 
650 |a Brasil -  |x Historia -  |y 1930-1954 
650 |a Brasil -  |x Historia -  |y 1954-1964 
650 |a Brasil -  |x Historia -  |y 1964-1985 
650 |a Brasil -  |x Historia -  |y 1985-1990 
650 |a Brasil -  |x Historia -  |y 1990-1992 
650 |a Brasil -  |x Historia -  |y 1992-1995 
650 |a Brasil -  |x Historia -  |y Siglo XIX 
650 |a Brasil -  |x Historia -  |y Siglo XX 
910 |a Fondo General 
920 |a Impresos - Libros 
930 |a Colección General 
905 |a 101 
901 |a 0500094237  |b IT1  |c ACC  |u 20250521 
902 |a https://opac.biblio.iteso.mx/vufind/Record/000161943